000 00291nam a22001217a 4500
008 180115b xxu||||| |||| 00| 0 eng d
041 _aeng
080 _a7
100 _a44
101 _aART
245 _aTHE BRITISH FACE A VIEW OF PORTAITURE 1625-1850
_cCOLNAGH
942 _2udc
_cBK
999 _c40271
_d40271